01091 2200337 4500001002100000005001500021035002000036007000300056008004100059020002200100040002200122082001500144084001700159090002100176090002200197100004300219245015200262250003600414300002800450650003100478650002300509700003000532850001200562504002900574264003200603336002100635337003000656338002300686999002200709990002200731INLIS00000000085384420200203104807 a0010-0220000014ta200203s2019 yoi g ind d a978-623-7324-64-5 aYOPDYOGbinderda04223a297.57 a297.57 LES s aDEP 297.57 LES s aCB-D.11 2019-18960 aLestari Ummu Al-Fatih,d1986-epenulis10a99 pesan Rasulullah untuk perempuan :bterapi hati untuk wanita yang mendambakan surga /cpenulis, Lestari Ummu Al-Fatih; penyunting, Putri Puspita aCetakan pertama, September 2019 ax, 282 halaman ;c20 cm 4aKehidupan beragama (Islam) 4aWanita dalam islam0 aPutri Puspitaepenyunting aYOPDYOG aBibliografi: halaman 281 aYogyakarta :bMueeza,c2019 2rdacontentateks 2rdamediaatanpa perantara 2rdacarrieravolume aCB-D.11/2019-1896 aCB-D.11/2019-1896